Investigaciones literarias: modernidad, historia de la literatura y modernismos

Spremljeno u:
Bibliografski detalji
Glavni autor: Santiáñez Tió, Nil (Autor)
Format: Knjiga
Jezik:španjolski
Izdano: Barcelona Crítica 2002
Serija:Letras de Humanidad
Teme:
Oznake: Dodaj oznaku
Bez oznaka, Budi prvi tko označuje ovaj zapis!

MARC

LEADER 00000nam a2200000 a 4500
001 UCL8845
003 CL-VaPUC
008 040709e20020000SP |||||||||||||||||spa|d
020 |a 8484323706 
082 0 4 |a 807  |b SAN  |2 21 
100 0 |a Santiáñez Tió, Nil  |e author  |9 486791 
245 1 0 |a Investigaciones literarias: modernidad, historia de la literatura y modernismos 
300 |a 425 p 
942 |c BK 
945 |d 20040709 00:00:00  |a cmena 
260 |a Barcelona  |b Crítica  |c 2002 
650 7 |a INVESTIGACION LITERARIA  |2 CL-VaPUC  |9 324493 
650 0 |a Estilos artísticos  |9 340996 
650 0 |a Historia de la literatura  |9 322206 
650 0 |a Modernismo  |9 267987 
583 |a last modification  |c 20040709 00:00:00  |k Rodrigo Vera 
490 0 |a Letras de Humanidad 
999 |c 309950  |d 309948 
952 |0 0  |1 0  |4 0  |6 807_000000000000000_SAN_2002  |7 0  |8 A  |9 377831  |a BIBEDU  |b BIBEDU  |d 2019-11-21  |i 4033833  |o 807 SAN 2002  |p 4033833  |r 2019-11-21  |w 2019-11-21  |y BK  |k LIT 
952 |0 0  |1 0  |4 0  |6 807_000000000000000_SAN_2002  |7 0  |8 A  |9 377832  |a BIBEDU  |b BIBEDU  |d 2019-11-21  |i 4359488  |o 807 SAN 2002  |p 4359488  |r 2019-11-21  |w 2019-11-21  |y BK  |k LIT